000 00326nam a22001337a 4500
008 170505b xxu||||| |||| 00| 0 eng d
020 _a9781609301125
041 _aeng
080 _a34
100 _a14
101 _aSHJ
245 _aPTENT COPYRIGHT TRADEMARK AND UNFAIR COMPETTTION
_cGOLDSTEIN.P
942 _2udc
_cBK
999 _c12788
_d12788